| 000 | 01035pab a2200193 454500 | ||
|---|---|---|---|
| 008 | 180718b2000 xxu||||| |||| 00| 0 eng d | ||
| 100 | _aWong, Chack Kie | ||
| 245 | _aPopular belief in state intervention for social protection in China | ||
| 260 | _c2000 | ||
| 300 | _ap.109-16 | ||
| 362 | _aJan | ||
| 520 | _aThe paper starts with a abrief discussion of recent developments of economic restructuring of the State Owned Enterprises in China and their related reforms in social insurance and social assistance. It then reports the findings of an attitude survey of residents in Shanghai in 1996 towards the social and economic consequences of economic reform. It reveals that, despite the fact that most people feel better off with the reforms, there is still a need for the state to play a role in social protection. - Reproduced | ||
| 650 | _aSocial security - China | ||
| 650 | _aSocial welfare - China | ||
| 650 | _aSocial welfare | ||
| 700 | _aLee, Nan Shong Peter | ||
| 773 | _aJournal of Social Policy | ||
| 909 | _a45446 | ||
| 999 |
_c45446 _d45446 |
||